Risky business (Record no. 74459)
[ view plain ]
| 000 -LEADER | |
|---|---|
| fixed length control field | 01042cab a2200217 4500 |
| 001 - CONTROL NUMBER | |
| control field | ABS67990 |
| 008 - FIXED-LENGTH DATA ELEMENTS--GENERAL INFORMATION | |
| fixed length control field | 040714n2004 000 0 eng u |
| 035 ## - SYSTEM CONTROL NUMBER | |
| System control number | (Sirsi) u126781 |
| 100 ## - MAIN ENTRY--PERSONAL NAME | |
| Personal name | Ross, S. |
| 245 ## - TITLE STATEMENT | |
| Title | Risky business |
| 260 ## - PUBLICATION, DISTRIBUTION, ETC. | |
| Date of publication, distribution, etc. | 2004 |
| 490 ## - SERIES STATEMENT | |
| Series statement | Fire Engineers' Journal |
| Volume/sequential designation | 64(246) July 2004, 41-42(2) |
| 520 ## - SUMMARY, ETC. | |
| Summary, etc. | Explains the reasons why health and safety issues should be considered with good risk management. Suggests management of fire risk can be divided into risk to life and risk to assets. Discusses how the use of composite panels has increased the fire risks in some commercial buildings. Concludes that often the most costly consequence of a fire is the cost of loss of business and suggests the client, insurer and broker can work together so that the risks can be understood and fairly priced. |
| 590 ## - LOCAL NOTE (RLIN) | |
| Local note | ABS |
| 650 ## - SUBJECT ADDED ENTRY--TOPICAL TERM | |
| Topical term or geographic name entry element | RISK MANAGEMENT |
| 650 ## - SUBJECT ADDED ENTRY--TOPICAL TERM | |
| Topical term or geographic name entry element | COMMERCIAL BUILDINGS |
| 650 ## - SUBJECT ADDED ENTRY--TOPICAL TERM | |
| Topical term or geographic name entry element | COMPOSITE PANELS |
| 650 ## - SUBJECT ADDED ENTRY--TOPICAL TERM | |
| Topical term or geographic name entry element | INSURANCE CLAIMS |
| 690 ## - LOCAL SUBJECT ADDED ENTRY--TOPICAL TERM (OCLC, RLIN) | |
| Topical term or geographic name as entry element | BUILT ENVIRONMENT-BUILDING STANDARDS |
| 942 ## - ADDED ENTRY ELEMENTS (KOHA) | |
| Suppress in OPAC | 0 |
| Withdrawn status | Lost status | Source of classification or shelving scheme | Damaged status | Not for loan | Home library | Current library | Shelving location | Date acquired | Total Checkouts | Full call number | Barcode | Date last seen | Copy number | Price effective from | Koha item type |
|---|---|---|---|---|---|---|---|---|---|---|---|---|---|---|---|
| Dewey Decimal Classification | London | London | Journal article | 14/07/2004 | ABS67990 | 126781-1001 | 06/08/2019 | 1 | 06/08/2019 | Journal article |